000 00414nam a2200157 i 4500
001 26027
003 ES-MaACL
005 20230906153356.0
007 t|
008 030107s1960 sp ||||1| spa d
100 1 _aArteche, José de.
_923442
245 1 0 _aCamino y horizonte /
_cJosé de Arteche.
260 _aPamplona :
_bGómez,
_c[1960]
300 _a208 p. ;
_c19 cm.
852 _aES-MaACL
_jC-19062
_bR.46898
999 _c26027
_d26027